000 00845cgm a2200241 4500
001 B3289
008 090401t1990 xxu||||| |||| 00| 0 eng d
035 _a(Sirsi) u55116
041 _aeng
050 _a333.336
100 _aSaper, Roger
245 _aBusiness parks (sound recording)
260 _aLondon
_bRoyal Institution of Chartered Surveyors
_c1990
300 _a1 sound cassette (60min.)
350 _a10
490 _aOwlion Audio Programme
520 _aPublished jointly with the College of Estate Management . An appreciation of the evaluation, funding and design criteria involved in successful Business Park development and an analysis of those factors likely to influence future trends.
650 _aAUDIO CASSETTES
700 _aStrong, Jonathan
700 _aDabson, Ashley
942 _n0
948 _c04/03/1997
999 _c85310
_d85310